| 000 | 00712nam a2200229 a 4500 | ||
|---|---|---|---|
| 001 | 1008 | ||
| 003 | BR-CuiBMT | ||
| 005 | 20231129002930.0 | ||
| 008 | 231125b2015 bab 000 0 por d | ||
| 020 | _a9788544208090 | ||
| 040 |
_aBR-CuiBMT _cBR-CuiBMT |
||
| 080 |
_22007 _a347.9 |
||
| 090 |
_a347.9 _bB277p _c5. ed. |
||
| 100 | 1 | _aBarros, Guilherme Freire de Melo | |
| 245 | 1 | 0 |
_aPoder público em juízo para concursos / _cGuilherme Freire de Melo Barros. |
| 250 | _a5. ed., rev., ampl. e atual. | ||
| 260 |
_aSalvador : _bJusPODIVM, _c2015. |
||
| 300 |
_a493 p. ; _c24 cm |
||
| 650 |
_aDireito processual _vQuestões de concursos |
||
| 650 |
_aPoder público _xDireito processual _zBrasil |
||
| 942 |
_2udc _cLV |
||
| 999 |
_c1008 _d1008 |
||